Statistics for Biggest Cities by Population in Connecticut

Click here to take the quiz!

General Stats

  • This quiz has been taken 31 times
  • The average score is 11 of 20

Answer Stats

PopulationCities% Correct
122,587Hartford
100%
130,418New Haven
97%
144,900Bridgeport
93%
129,775Stamford
79%
84,730Danbury
72%
62,727Greenwich
66%
108,093Waterbury
66%
89,047Norwalk
62%
62,939West Hartford
62%
72,453New Britain
55%
54,879West Haven
55%
60,032Bristol
48%
61,952Fairfield
48%
49,998East Hartford
45%
54,661Milford
45%
59,540Meriden
38%
57,699Manchester
31%
51,967Stratford
28%
60,940Hamden
17%
53,867Milford City
0%

Score Distribution

Percentile by Number Answered

Percent of People with Each Score

Your Score History

You have not taken this quiz